1334 1125 1187 1162 1864 1109 1672 1789 1038 1115 1969 1699 1818 1000 1343 1081 1504 1694 1917 1270 1653 1083 1411 1152 1496 1126 1944 1402 1549 1484 1629 1571 1772 1825 1120 1469 1474 1097 1424 1334 1519 1384 1287 1223 1189 1729 1273 1951 1564 1733 1869 1457 1755 1227 1805 1099 1022 1786 1269 1145 1717 1276 1173 1034 1000 1421 1969 1212 1432 1902 1000 1560 1483 1333 1356 1211 1353 1062 1715 1263 1864 1585 1561 1555 1236 1229 1457 1261 1135 1694 1073 1564 1393 1953 1724 1823 1899 1419 1205 BCNSPRNW ULIB Ver.6.0+V

เปลี่ยนเป็นภาษาไทย

Change to English
 แสดงรายละเอียดบรรณานุกรม
  กลับหน้าหลัก

Brief Record : Get Marc (ISO 2709) : E-mail record : QR code < ปิดหน้าต่าง
LEADER : 00000nam 2200000uu 4500
001    13399112780
003     ULIB
008    110908s2550||||th 000 0 tha d
020    9789748290829
050  4 LB1060^bป384ก 2550
100 0  ประเวศ วะสี,^d2474-
245 10 การจัดการความรู้ :^bกระบวนการปลดปล่อยมนุษย์สู่ศักยภาพเสรีภาพและความสุข /^cประเวศ วะสี
246 30 กระบวนการปลดปล่อยมนุษย์สู่ศักยภาพเสรีภาพและความสุข
250    พิมพ์ครั้งที่ 2
260    กรุงเทพฯ :^bกรีน-ปัญญาญาณ,^c2550
300    104 หน้า ;^c22 ซม.
650  4 การจัดการความรู้
650  4 การบริหารองค์ความรู้
945    ^p90^l0^i022206
945    ^p90^l0^i022207
995    ทศพร
999 ^a ทศพร
รายการนี้ยังไม่มีแท็ก
คุณยังไม่ได้ล็อกอิน คุณสามารถมีกิจกรรมร่วมกับเว็บไซต์ได้ แต่ต้องล็อกอินก่อน ::
  ล็อกอิน

รายการสื่อสารสนเทศ

ลำดับที่ ประเภท เลขเรียก/บาร์โค้ด สถานที่ สถานะ
- ไม่พบข้อมูล -

รายการใกล้เคียง
    หัวเรื่อง [การจัดการความรู้]
    หัวเรื่อง [การบริหารองค์ความรู้]

BibComment


ยังไม่เคยถูกคอมเมนท์

คอมเมนท์ทรัพยากรรายการนี้
  คอมเมนท์: การจัดการความรู้ ..


 Copyright 2026. Bcnsprnw @Library